| 000 | 00880nam a2200277Ia 4500 | ||
|---|---|---|---|
| 003 | GCL | ||
| 008 | 140319s9999 xx 000 0 ara d | ||
| 020 | _a6 487 85516 1 | ||
| 040 |
_aGCL / _cGCL |
||
| 082 | 0 | 4 |
_a214.32 _bا ا |
| 100 | 1 | _aعزت شعلان | |
| 245 | 1 | 0 |
_aالاسلام تحت الحصار / _cعزت شعلان |
| 700 | 1 | _aاحمد، اكبر | |
| 250 | _aالاولى | ||
| 260 |
_aبيروت : _bدار الساقى ، _c2004 |
||
| 300 |
_a232 ص ؛ _c24 سم |
||
| 650 | 0 | 4 | _aالاسلام والمجتمع |
| 650 | 0 | 4 | _aالثقافة الاسلامية |
| 650 | 0 | 4 | _aالاسلام - دفع مطاعن |
| 650 | 0 | 4 | _aالاسلام والسياسة |
| 650 | 0 | 4 | _aالارهاب الدولى |
| 650 | 0 | 4 | _aالاسلام والغرب |
| 650 | 0 | 4 | _aالاسلام والعولمة |
| 650 | 0 | 4 | _aالاسلام والعنف |
| 942 |
_2ddc _cBK |
||
| 999 |
_c9916 _d9916 |
||